A checklist of Zimbabwean bryophytes (Record no. 79280)

MARC details
000 -LEADER
fixed length control field 00973nam a2200229 a 4500
008 - FIXED-LENGTH DATA ELEMENTS--GENERAL INFORMATION
fixed length control field 061215s2004 ||||||||||||||||| || u
020 ## - INTERNATIONAL STANDARD BOOK NUMBER
International Standard Book Number 1919976027
050 ## - LIBRARY OF CONGRESS CALL NUMBER
Classification number SABONET(08)R/04/21A
100 ## - MAIN ENTRY--PERSONAL NAME
Personal name Perold, S. M
245 12 - TITLE STATEMENT
Title A checklist of Zimbabwean bryophytes
Statement of responsibility, etc. by Phelex Manyanga & S. M. Perold
260 ## - PUBLICATION, DISTRIBUTION, ETC.
Place of publication, distribution, etc. Pretoria
Name of publisher, distributor, etc. SABONET
Date of publication, distribution, etc. 2004
300 ## - PHYSICAL DESCRIPTION
Extent vi;22p.; ill.
350 ## -
-- 0.00
490 ## -
-- Southern African Botanical Diversity Network report
650 ## - SUBJECT ADDED ENTRY--TOPICAL TERM
Topical term or geographic name entry element BOTANY--ZIMBABWE
650 ## - SUBJECT ADDED ENTRY--TOPICAL TERM
Topical term or geographic name entry element BOTANY
650 ## - SUBJECT ADDED ENTRY--TOPICAL TERM
Topical term or geographic name entry element CONSERVATION--ZIMBABWE
700 ## - ADDED ENTRY--PERSONAL NAME
Personal name Manyanga, Phelex
710 ## - ADDED ENTRY--CORPORATE NAME
Corporate name or jurisdiction name as entry element SABONET
995 ## -
-- SPECIAL COLLECTIONS
-- 0.00
-- SABONET(08)R/04/21A
-- CBU-MAIN LIBRARY (Kitwe)
-- 1
-- 0.00
-- SABONET(08)R/04/21A
-- 21
-- AVAILABLE
-- Dec 15, 2006
-- Z03001580
-- International Publications
995 ## -
-- SPECIAL COLLECTIONS
-- 0.00
-- SABONET(08)R/04/21B
-- CBU-MAIN LIBRARY (Kitwe)
-- 1
-- 0.00
-- SABONET(08)R/04/21B
-- 21
-- AVAILABLE
-- Dec 15, 2006
-- Z03001581
-- International Publications
999 ## -
-- 79280
-- 79280

No items available.